Statistics for Click the Correct Country by Capital #2

Click here to take the quiz!

General Stats

  • This quiz has been taken 242 times
  • The average score is 18 of 20

Answer Stats

HintAnswer% Correct
LondonUnited Kingdom
100%
BeijingChina
99%
Panama CityPanama
99%
AlgiersAlgeria
98%
OttawaCanada
98%
AthensGreece
98%
LisbonPortugal
97%
CanberraAustralia
96%
BudapestHungary
96%
OsloNorway
96%
IslamabadPakistan
94%
AnkaraTurkey
94%
JakartaIndonesia
92%
Santo DomingoDominican Republic
91%
BogotaColombia
88%
La PazBolivia
86%
SuvaFiji
84%
KinshasaD.R. Congo
81%
Bandar Seri BegawanBrunei
77%
GaboroneBotswana
75%

Score Distribution

Percentile by Number Answered

Percent of People with Each Score

Your Score History

You have not taken this quiz